000 01066nam a22003257a 4500
003 CHAP
005 20220329133628.0
008 971013s1993 r 00010 d
010 _a8780
011 _a9752
035 _a8987
040 _cCHAP
082 _a633.028
_bF4
100 0 0 _aFederer, Walter Theodore.
_939942
245 _aStatistical design and analysis for intercropping experiments
260 _aNew York :
_bSpringer-Verlag,
_c1993-19 .
300 _av.
490 _aSpringer series in statistics
500 _aLa biblioteca tiene: v.1 Two crops
590 _aBATCH-UPD
_b10
_c20130110
_lUCH01
_h1446
590 _aBATCH-UPD
_b10
_c20130410
_lUCH01
_h0915
590 _aBATCH-UPD
_b10
_c20130914
_lUCH01
_h1117
590 _aCONVERSION
_b10
_c20130109
_lUCH01
_h1306
650 1 4 _aCultivos asociados.
_930370
650 1 4 _aCultivos
_xMétodos estadísticos.
_930298
830 0 _aSpringer series in statistics
_9109291
901 _aBK
942 _cLIBRO
949 _a633.028 F4
_bBC
_cLIBRO
_d33724000190849
_eLIBRO
_gI.167866
_h83940
_i8987
_si
_t219.00
999 _c8780
_d8780